000 01100nam0a22002891 4500
001 rc\3996988
005 20250610224929.0
021 _aRU
_b94-ВП-4303/5
035 _a(NLR Aleph) 007941636
090 _a8282296
_c8282296
100 _a20130415d1956 |||y0rusy50 ca
101 0 _arus
102 _aRU
105 _aa z |||||
200 1 _aКраткие сведения о развитии бронетанковой техники в США
_fВоен. ордена Ленина и ордена Суворова Артиллер. инж. акад. им. Ф.Э. Дзержинского
210 _aМосква
_cБ. и.
_d1956
215 _a62 с.
_cил.
_d22
300 _aПеред загл. авт.: Самусенко М.Ф., Емелин, М.И., Чиняков Ю.А.
320 _aБиблиогр.: с. 61
700 1 _aСамусенко
_bМ.Ф.
_gМитрофан Федорович
701 1 _aЕмелин
_bМ.И.
701 1 _aЧиняков
_bЮ.А.
801 0 _aRU
_bNLR
_gpsbo
801 1 _aRU
_bELAR
_2rusmarc
852 _aNLR
_j94-6/772
942 _cBOOK
980 _aNB